00996nam a2200265 a 450000100060000000300080000600500170001400800410003103500190007204000270009104100080011808200300012610000330015624500830018926000390027230000290031135000120034049000810035250400320043365000470046583000510051294200120056399900170057595201380059265043BD-RjUL20211209081400.0170226s1968 fr a b 000 0 eng  a(BD-RjUL)65173 aDLCcDLCdBD-RjULbeng aeng00a306.1095492223bNAG 19671 aNakane, Chie,d1926-917094510aGaro and Khasi :bA comparative study in matrilineal systems /cChie, Nakane,  aParis :aThe Hague,bMouton,c1967 a188 p. :bill, ;c24 cm. afl28.001 aCahiers de l'homme: ethnologie, géographie, linguistique,vnouv. sér., 5 aBibliography: p. [179]-187. 0aMatrilineal kinshipzIndiazAssam.9192752 0aCahiers de l'homme ;vnouv. sér., 5.9192960 2ddccBK c65043d65043 00102ddc40718NFICaRUCLbRUCLcReadingd1980-11-03eNetherlandl0o306.1095492 NAG 1967r2017-02-26 00:00:00tC-1w2021-12-09yBK